Every MCU Director - Statistics

General Stats
  • This quiz has been taken 8 times
    2 since last reset
  • The average score is 29 of 42
Answer Stats
Movie Director(s) % Correct
Avengers: Endgame (2019) Anthony Russo
100%
Avengers: Infinity War (2018) Anthony Russo
100%
Captain America: Civil War (2016) Anthony Russo
100%
Captain America: The Winter Soldier (2014) Anthony Russo
100%
Guardians of the Galaxy Vol. 3 (2023) James Gunn
100%
Guardians of the Galaxy Vol. 2 (2017) James Gunn
100%
Guardians of the Galaxy (2014) James Gunn
100%
Captain America: The First Avenger (2011) Joe Johnston
100%
Avengers: Endgame (2019) Joe Russo
100%
Avengers: Infinity War (2018) Joe Russo
100%
Captain America: Civil War (2016) Joe Russo
100%
Captain America: The Winter Soldier (2014) Joe Russo
100%
Iron Man 2 (2010) Jon Favreau
100%
Iron Man (2008) Jon Favreau
100%
Avengers: Age of Ultron (2015) Joss Whedon
100%
The Avengers (2012) Joss Whedon
100%
Thor (2011) Kenneth Branagh
100%
Ant Man and the Wasp: Quantumania (2023) Peyton Reed
100%
Ant-Man and the Wasp (2018) Peyton Reed
100%
Ant-man (2015) Peyton Reed
100%
Doctor Strange in the Multiverse of Madness (2022) Sam Raimi
100%
Doctor Strange (2016) Scott Derrickson
100%
Iron Man 3 (2013) Shane Black
100%
Thor: Love and Thunder (2022) Taika Waititi
100%
Thor: Ragnarok (2017) Taika Waititi
100%
Eternals (2021) Chloe Zaho
50%
Shang Chi and the Legend of the Ten Rings (2021) Destin Daniel Cretton
50%
Spider-Man: No Way Home (2021) Jon Watts
50%
Spider-Man: Far From Home (2019) Jon Watts
50%
Spider-man: Homecoming (2017) Jon Watts
50%
Black Panther: Wakanda Forever (2022) Ryan Coogler
50%
Black Panther (2018) Ryan Coogler
50%
Thor: The Dark World (2013) Alan Taylor
0%
Captain Marvel (2019) Anna Boden
0%
Black Widow (2021) Cate Shortland
0%
Thunderbolts* (2025) Jake Shreier
0%
Captain America: Brave New World (2025) Julius Onah
0%
The Incredible Hulk (2008) Louis Leterrier
0%
The Fantastic Four: First Steps (2025) Matt Shakman
0%
The Marvels (2023) Nia DaCosta
0%
Captain Marvel (2019) Ryan Fleck
0%
Deadpool & Wolverine (2024) Shawn levy
0%
No matching quizzes found
Score Distribution
Percent of People with Each Score
Percentile by Number Answered
Your Score History
You have not taken this quiz since the last reset